000 00404 a2200133 4500
001 ART_26213
005 20260410161937.0
008 260409a
245 1 0 _aEl agroturismo desde el paradigma de trabajo en red y la coopetencia
100 1 _aCordisco, Marina
700 1 _aScoponi, Liliana Marcela
700 1 _aDurán, Regina
773 0 _tSaberEs
_g- Nº 4 (jun. 2012)
_wREV26089
999 _c29105
_d29105